| 000 | 00955nam a2200289 i 4500 | ||
|---|---|---|---|
| 001 | 122405 | ||
| 005 | 20230410115517.0 | ||
| 008 | 160504s1991 mx a 000 0 spa | ||
| 020 | _a9681634845 | ||
| 041 | 0 | _aspa | |
| 050 | 1 | 4 |
_aHD2755.5 _b.G891 1991 |
| 100 | 1 |
_aGrunwald, Joseph, _d1920- |
|
| 245 | 1 | 3 |
_aLa fábrica mundial el ensamble extranjero en el comercio internacional / _cJoseph Grunwald y Kenneth Flamm. |
| 260 |
_aMéxico D.F. : _bFondo de Cultura Económica, _c1991. |
||
| 300 |
_a341 p. : _bil. ; _c21 cm. |
||
| 440 | _aSección de obras de economía. | ||
| 504 | _aIncluye referencias bibliográficas e indice. | ||
| 650 | 0 | _aInternational business. | |
| 650 | 0 | _ainternational division of labor. | |
| 650 | 4 | _aCRV | |
| 650 | 4 | _aColección René Villarreal. | |
| 650 | 4 | _aEmpresas internacionales. | |
| 650 | 4 | _aDivisión internacional del trabajo. | |
| 700 | 1 |
_aFlamm, Kenneth, _d1951- |
|
| 942 |
_2lcc _cbk |
||
| 946 | _almd | ||
| 999 |
_c42637 _d42637 |
||